00381nam a2200121 a 4500008004100000020001800041050001600059100001900075245005000094260005600144300001600200650004300216151208s2005 ||||||||||||||||| || u a9788180615450 aR 834.5 Ini aInian, Anbin R10aTips and tricks for plab 1cBy Anbin R. Inian aNew DelhibJaypee Brothers Medical publishersc2005 axiv, 160p.: aMEDICINE--EXAMINATIONS, QUESTIONS, ETC